Energetický audit nie je len papier, šetrí peniaze
Energtický audit auditovaným firmám umožní presnejšie spoznať ich energetickú bilanciu a zároveň navrhuje komplexný súhrn opatrení pre zníženie spotreby energie. Systém monitorovania a riadenia spotreby energie. Povinné energetické audity na Slovensku.
Saved in:
| Main Author: | |
|---|---|
| Format: | Book Chapter |
| Language: | Slovak |
| Subjects: | |
| Tags: |
No Tags, Be the first to tag this record!
|
MARC
| LEADER | 00000naa a2200000 4500 | ||
|---|---|---|---|
| 001 | 0211930 | ||
| 005 | 20231011123755.1 | ||
| 041 | 0 | |a slo | |
| 044 | |a SK | ||
| 245 | 1 | 0 | |a Energetický audit nie je len papier, šetrí peniaze |c Martin Dargaj |
| 520 | |a Energtický audit auditovaným firmám umožní presnejšie spoznať ich energetickú bilanciu a zároveň navrhuje komplexný súhrn opatrení pre zníženie spotreby energie. Systém monitorovania a riadenia spotreby energie. Povinné energetické audity na Slovensku. | ||
| 610 | 2 | 0 | |a riadenie |
| 610 | 2 | 0 | |a spotreba |
| 610 | 2 | 0 | |a energia |
| 610 | 2 | 0 | |a komplex hospodársky |
| 610 | 2 | 0 | |a spotreba energie |
| 610 | 2 | 0 | |a úspory energie |
| 610 | 2 | 0 | |a firmy |
| 610 | 2 | 0 | |a audit |
| 610 | 2 | 0 | |a Slovensko |
| 100 | 1 | |a Dargaj, Martin | |